Towards the edge of the extrasolar planets (Record no. 13444)

MARC details
000 -LEADER
fixed length control field 00632nam a2200193Ia 4500
003 - CONTROL NUMBER IDENTIFIER
control field IN-BaIIA
008 - FIXED-LENGTH DATA ELEMENTS--GENERAL INFORMATION
fixed length control field 211028s9999 xx 000 0 eng d
020 ## - INTERNATIONAL STANDARD BOOK NUMBER
International Standard Book Number 0-471-97633-4
040 ## - CATALOGING SOURCE
Transcribing agency IIA Library
080 ## - UNIVERSAL DECIMAL CLASSIFICATION NUMBER
Universal Decimal Classification number 523.4
Item number CLA
100 ## - MAIN ENTRY--PERSONAL NAME
Personal name Clark, Stuart
9 (RLIN) 22371
245 #0 - TITLE STATEMENT
Title Towards the edge of the extrasolar planets
Remainder of title the search for new worlds
Statement of responsibility, etc. Stuart Issar
260 ## - PUBLICATION, DISTRIBUTION, ETC.
Place of publication, distribution, etc. Chichester
Name of publisher, distributor, etc. John Wiley & Sons
Date of publication, distribution, etc. 1998
300 ## - PHYSICAL DESCRIPTION
Extent xix, 218p.
490 ## - SERIES STATEMENT
Series statement Wiley-Praxis series in astronomy and astrophysics
650 ## - SUBJECT ADDED ENTRY--TOPICAL TERM
Topical term or geographic name entry element Extrasolar planets
9 (RLIN) 3586
650 ## - SUBJECT ADDED ENTRY--TOPICAL TERM
Topical term or geographic name entry element Planets
9 (RLIN) 971
942 ## - ADDED ENTRY ELEMENTS (KOHA)
Koha item type Books
Holdings
Withdrawn status Lost status Damaged status Not for loan Home library Current library Shelving location Date acquired Source of acquisition Cost, normal purchase price Total Checkouts Total Renewals Full call number Barcode Date last seen Date last checked out Cost, replacement price Price effective from Koha item type Purchase Price
        IIA Library-Bangalore IIA Library-Bangalore General Stacks 15/03/2000 GANESH 4153.25 2 1 523.4/ CLA 14363 28/12/2022 29/11/2022 4153.25 15/03/2000 Books Rs. 4153.25

Powered by Koha